Какой фильм снял этот режиссёр? - Statistics

General Stats
  • This quiz has been taken 14 times
  • The average score is 9 of 15
Answer Stats
Question Answer % Correct
Стэнли Кубрик Заводной апельсин
100%
Джордж Лукас Звёздные войны
92%
Кристофер Нолан Престиж
77%
Андрей Тарковский Зеркало
69%
Дени Вильнёв Прибытие
62%
Уэс Андерсон Королевство восходящей Луны
62%
Роберт Земекис Форрест Гамп
62%
Эдгар Райт Зомби по имени Шон
54%
Гай Ричи Аладдин
54%
Дэвид Финчер Чужой 3
54%
Леонид Гайдай Жених с того света
38%
Квентин Тарантино Джеки Браун
38%
Джордж Клуни Признания опасного человека
38%
Фрэнк Дарабонт Мгла
38%
Нил Бломкамп Робот по имени Чаппи
38%
No matching quizzes found
Score Distribution
Percent of People with Each Score
Percentile by Number Answered
Your Score History
You have not taken this quiz